Statistics for Every TOTYs Released

Click here to take the quiz!

General Stats

  • This quiz has been taken 45 times
  • The average score is 160 of 194

Answer Stats

ratposclubAnswer% Correct
FC 2495GKLiverpoolAlisson
97%
FIFA 2097GKLiverpoolAlisson
97%
FIFA 1296LWReal MadridCristiano Ronaldo
97%
FIFA 1194LWReal MadridCristiano Ronaldo
97%
FIFA 1397LWReal MadridCristiano Ronaldo
97%
FIFA 2198STJuventusCristiano Ronaldo
97%
FIFA 1799LWReal MadridCristiano Ronaldo
97%
FIFA 1498LWReal MadridCristiano Ronaldo
97%
FIFA 2099STJuventusCristiano Ronaldo
97%
FIFA 1093RWReal MadridCristiano Ronaldo
97%
FIFA 2297STManchester UnitedCristiano Ronaldo
97%
FIFA 1899LWReal MadridCristiano Ronaldo
97%
FIFA 1599LWReal MadridCristiano Ronaldo
97%
FIFA 0994LWReal MadridCristiano Ronaldo
97%
FC 2495STAl-NassrCristiano Ronaldo
97%
FIFA 1999STJuventusCristiano Ronaldo
97%
FIFA 1698LWReal MadridCristiano Ronaldo
97%
FC 2496CMReal MadridJude Bellingham
97%
FIFA 2395CMBorussia DortmundJude Bellingham
97%
FIFA 1997RWParis Saint-GermainKylian Mbappé
97%
FIFA 2397STParis Saint-GermainKylian Mbappé
97%
FIFA 2297STParis Saint-GermainKylian Mbappé
97%
FIFA 2197STParis Saint-GermainKylian Mbappé
97%
FIFA 2098STParis Saint-GermainKylian Mbappé
97%
FC 2497LWParis Saint-GermainKylian Mbappé
97%
FIFA 1999CFFC BarcelonaLionel Messi
97%
FIFA 1398CFFC BarcelonaLionel Messi
97%
FIFA 1498CFFC BarcelonaLionel Messi
97%
FIFA 1699RWFC BarcelonaLionel Messi
97%
FIFA 2198RWFC BarcelonaLionel Messi
97%
FIFA 1898RWFC BarcelonaLionel Messi
97%
FIFA 1298CFFC BarcelonaLionel Messi
97%
FIFA 2099RWFC BarcelonaLionel Messi
97%
FIFA 1598CFFC BarcelonaLionel Messi
97%
FIFA 2298RWParis Saint-GermainLionel Messi
97%
FIFA 1798RWFC BarcelonaLionel Messi
97%
FIFA 2398RWParis Saint-GermainLionel Messi
97%
FIFA 1196CFFC BarcelonaLionel Messi
97%
FC 2497CFInter MiamiLionel Messi
97%
FIFA 0996CFFC BarcelonaLionel Messi
97%
FIFA 1095RWFC BarcelonaLionel Messi
97%
FC 2495CDMManchester CityRodri
97%
FIFA 2396GKReal MadridThibaut Courtois
97%
FIFA 2099CBLiverpoolVirgil van Dijk
97%
FIFA 2196CBLiverpoolVirgil van Dijk
97%
FIFA 1995CBLiverpoolVirgil van Dijk
97%
FC 2496CBLiverpoolVirgil van Dijk
97%
FIFA 2396CBLiverpoolVirgil van Dijk
97%
FIFA 1997CAMManchester CityKevin De Bruyne
94%
FIFA 2196CAMManchester CityKevin De Bruyne
94%
FIFA 2397CMManchester CityKevin De Bruyne
94%
FIFA 1896CMManchester CityKevin De Bruyne
94%
FIFA 2098CAMManchester CityKevin De Bruyne
94%
FC 2496CMManchester CityKevin De Bruyne
94%
FIFA 2296CMManchester CityKevin De Bruyne
94%
FIFA 2396CMReal MadridLuka Modrić
94%
FIFA 1999CMReal MadridLuka Modrić
94%
FIFA 1796CMReal MadridLuka Modrić
94%
FIFA 1896CMReal MadridLuka Modrić
94%
FIFA 1693CMReal MadridLuka Modrić
94%
FIFA 1596GKBayern MunichManuel Neuer
94%
FIFA 1494GKBayern MunichManuel Neuer
94%
FIFA 2196GKBayern MunichManuel Neuer
94%
FIFA 1798GKBayern MunichManuel Neuer
94%
FIFA 1696GKBayern MunichManuel Neuer
94%
FC 2495CBManchester CityRúben Dias
94%
FIFA 2297CBManchester CityRúben Dias
94%
FIFA 0987RBReal MadridSegio Ramos
94%
FIFA 2196CBReal MadridSergio Ramos
94%
FIFA 1594CBReal MadridSergio Ramos
94%
FIFA 1997CBReal MadridSergio Ramos
94%
FIFA 1291RBReal MadridSergio Ramos
94%
FIFA 1897CBReal MadridSergio Ramos
94%
FIFA 1493CBReal MadridSergio Ramos
94%
FIFA 1187RBReal MadridSergio Ramos
94%
FIFA 1796CBReal MadridSergio Ramos
94%
FIFA 1393CBReal MadridSergio Ramos
94%
FIFA 1694CBReal MadridSergio Ramos
94%
FIFA 0991CMFC BarcelonaXavi
94%
FIFA 1297CMFC BarcelonaXavi
94%
FIFA 1090CMFC BarcelonaXavi
94%
FIFA 1495CMFC BarcelonaXavi
94%
FIFA 1191CMFC BarcelonaXavi
94%
FIFA 1395CMFC BarcelonaXavi
94%
FIFA 2396STManchester CityErling Haaland
91%
FC 2497STManchester CityErling Haaland
91%
FC 2494LBAC MilanTheo Hernández
91%
FIFA 2394LBAC MilanTheo Hernández
91%
FIFA 2394RBParis Saint-GermainAchraf Hakimi
88%
FIFA 2293RBParis Saint-GermainAchraf Hakimi
88%
FIFA 1997GKManchester UnitedDavid De Gea
88%
FIFA 1897GKManchester UnitedDavid De Gea
88%
FIFA 2296GKParis Saint-GermainGianluigi Donnarumma
88%
FIFA 1395GKReal MadridIker Casillas
88%
FIFA 1293GKReal MadridIker Casillas
88%
FIFA 1192GKReal MadridIker Casillas
88%
FIFA 1091GKReal MadridIker Casillas
88%
FIFA 0992GKReal MadridIker Casillas
88%
FIFA 2397CFReal MadridKarim Benzema
88%
FIFA 1798STFC BarcelonaLuis Suárez
88%
FIFA 1697LWFC BarcelonaNeymar
88%
FIFA 1997LWParis Saint-GermainNeymar
88%
FIFA 2198STBayern MunichRobert Lewandowski
88%
FIFA 2298STBayern MunichRobert Lewandowski
88%
FIFA 2197CAMManchester UnitedBruno Fernandes
84%
FIFA 2196CDMBayern MunichJoshua Kimmich
84%
FIFA 1689LBReal MadridMarcelo
84%
FIFA 1994LBReal MadridMarcelo
84%
FIFA 1389LBReal MadridMarcelo
84%
FIFA 1894LBReal MadridMarcelo
84%
FIFA 1793LBReal MadridMarcelo
84%
FIFA 1595CMFC BarcelonaAndrés Iniesta
81%
FIFA 1296CAMFC BarcelonaAndrés Iniesta
81%
FIFA 1089CMFC BarcelonaAndrés Iniesta
81%
FIFA 1695CMFC BarcelonaAndrés Iniesta
81%
FIFA 1191CAMFC BarcelonaAndrés Iniesta
81%
FIFA 1795CMFC BarcelonaAndrés Iniesta
81%
FIFA 1495CMFC BarcelonaAndrés Iniesta
81%
FIFA 1396CMFC BarcelonaAndrés Iniesta
81%
FIFA 2094LBLiverpoolAndrew Robertson
81%
FC 2494RWBBayer LeverkusenJeremie Frimpong
81%
FIFA 2296CDMChelseaN'Golo Kanté
81%
FIFA 1996CDMChelseaN'Golo Kanté
81%
FIFA 1895CMChelseaN'Golo Kanté
81%
FIFA 2097CDMChelseaN'Golo Kanté
81%
FIFA 2097LWLiverpoolSadio Mané
81%
FIFA 1494CBParis Saint-GermainThiago Silva
81%
FIFA 1694CBParis Saint-GermainThiago Silva
81%
FIFA 1593CBParis Saint-GermainThiago Silva
81%
FIFA 2095RBLiverpoolTrent Alexander-Arnold
81%
FIFA 2194RBLiverpoolTrent Alexander-Arnold
81%
FIFA 1295STManchester UnitedWayne Rooney
81%
FIFA 1596RWBayern MunichArjen Robben
78%
FIFA 0990CBFC BarcelonaCarles Puyol
78%
FIFA 1496LMBayern MunichFranck Ribéry
78%
FIFA 1896STTottenham HotspurHarry Kane
78%
FIFA 1494RBBayern MunichPhilipp Lahm
78%
FIFA 1595RBBayern MunichPhilipp Lahm
78%
FIFA 1795CMReal MadridToni Kroos
78%
FIFA 1593CMReal MadridToni Kroos
78%
FIFA 2193LBBayern MunichAlphonso Davies
75%
FIFA 1390RBFC BarcelonaDani Alves
75%
FIFA 1291RBFC BarcelonaDani Alves
75%
FIFA 1090RBFC BarcelonaDani Alves
75%
FIFA 1893RBParis Saint-GermainDani Alves
75%
FIFA 1793RBJuventusDani Alves
75%
FIFA 1491RBFC BarcelonaDani Alves
75%
FIFA 1692RBFC BarcelonaDani Alves
75%
FIFA 1293CBFC BarcelonaGerard Piqué
75%
FIFA 1392CBFC BarcelonaGerard Piqué
75%
FIFA 1795CBFC BarcelonaGerard Piqué
75%
FIFA 1189CBFC BarcelonaGerard Piqué
75%
FIFA 2294LBManchester CityJoão Cancelo
75%
FIFA 1896CBAC MilanLeonardo Bonucci
75%
FIFA 1294CBManchester UnitedNemanja Vidić
75%
FIFA 1088CBManchester UnitedNemanja Vidić
75%
FIFA 1996CBReal MadridRaphaël Varane
75%
FIFA 0985CBManchester UnitedRio Ferdinand
75%
FIFA 1693CMJuventusPaul Pogba
72%
FIFA 1496STParis Saint-GermainZlatan Ibrahimović
72%
FIFA 2094CMFC BarcelonaFrenkie de Jong
69%
FIFA 1082CBChelseaJohn Terry
69%
FIFA 0986CBChelseaJohn Terry
69%
FIFA 2297CMChelseaJorginho
69%
FIFA 1393CMReal MadridXabi Alonso
69%
FIFA 1291CMReal MadridXabi Alonso
69%
FC 2496CMFC Barcelona FemeníAlexia Putellas
66%
FIFA 1589CBParis Saint-GermainDavid Luiz
66%
FIFA 2394CBReal MadridÉder Militão
66%
FIFA 1092STLiverpoolFernando Torres
66%
FIFA 0986STLiverpoolFernando Torres
66%
FIFA 2096CBJuventusMatthijs de Ligt
66%
FIFA 1394STAtlético MadridRadamel Falcao
66%
FIFA 0990CAMLiverpoolSteven Gerrard
66%
FIFA 1090CAMLiverpoolSteven Gerrard
66%
FIFA 2295CBParis Saint-GermainMarquinhos
63%
FIFA 1594CAMManchester UnitedÁngel Di María
59%
FIFA 1190STFC BarcelonaDavid Villa
56%
FC 2496STChelsea WomenSam Kerr
53%
FC 2497CMFC Barcelona FemeníAitana Bonmatí
50%
FIFA 0988CAMReal MadridKaká
50%
FIFA 1189CAMInter MilanWesley Sneijder
47%
FC 2495STVfL Wolfsburg WomenAlexandra Popp
44%
FIFA 1189RBInter MilanMaicon
41%
FC 2495CBOL FémininWendie Renard
41%
FC 2497RWFC Barcelona FemeníCaroline Graham Hansen
38%
FC 2494GKManchester United WomenMary Earps
38%
FC 2494CBChelsea WomenMillie Bright
38%
FIFA 1087LWBManchester UnitedPatrice Evra
38%
FIFA 1189CBInter MilanLúcio
34%
FC 2495CDMVfL Wolfsburg WomenLena Oberdorf
31%
FC 2495STPortland ThornsSophia Smith
31%
FC 2495RBFC Barcelona FemeníOna Batlle
28%
FC 2495LBPSG FéminineSakina Karchaoui
28%

Score Distribution

Percentile by Number Answered

Percent of People with Each Score

Your Score History

You have not taken this quiz